000 00985nam a22002897a 4500
001 10017
003 FISKH
005 20260327160711.0
008 260327b cb ||||| |||| 00| 0 eng d
020 _a9780545858274
040 _aFISKH
_beng
_cFISKH
_dFISKH
050 _aPZ8.1 .D3782 .M
082 _a398.2
100 _aDeedy, Carmen Agra
_eAuthor
245 _aMartina the beautiful cockroach :
_bA Cuban folktale /
_cRetold by Carmen Agra Deedy ; illustrated by Michael Austin
260 _aNew York :
_bScholastic Inc. ,
_c2009
300 _a30 unnumbered pages :
_bcolor illustrations ;
_c23 x 27 cm
505 _aN
520 _aIn this humorous retelling of a Cuban folktale, a cockroach interviews her suitors in order to decide whom to marry.
521 8 _a580
_bLexile AD
521 8 _aN
_bRaz-Plus
650 _aFolktales
_vCuba
650 _aCulture
_vAnimals
700 _aAustin, Michael
_eIllustrator
942 _2ddc
_cBK
_n0
999 _c10017
_d10017